Liga Europy 2020/2021 - Statystyki

Ogólne statystyki
  • Ten quiz został rozwiązany 149 razy
  • Średni wynik to 24 z 48
Statystyki odpowiedzi
kraj klub % Poprawnych
Portugalia Benfica
83%
Polska Lech
83%
Anglia Arsenal
82%
Czechy Sparta
78%
Włochy Roma
77%
Czechy Slavia
76%
Anglia Tottenham
76%
Szkocja Celtic
75%
Szkocja Rangers
75%
Włochy Napoli
73%
Holandia PSV
73%
Chorwacja Dinamo
72%
Rosja CSKA
69%
Bułgaria CSKA
69%
Anglia Leicester
64%
Włochy Milan
63%
Szwajcaria Young Boys
63%
Niemcy Bayer
59%
Hiszpania Villarreal
59%
Portugalia Braga
58%
Belgia Gent
58%
Grecja PAOK
53%
Grecja AEK
51%
Francja Lille
48%
Serbia Crvena
47%
Austria Rapid
47%
Hiszpania Real Sociedad
46%
Irlandia Dundalk
44%
Holandia Feyenoord
44%
Belgia Standard Liege
44%
Cypr Omonia
42%
Norwegia Molde
41%
Izrael Hapoel
39%
Izrael Maccabi
38%
Azerbejdżan Qarabag
38%
Hiszpania Granada
37%
Austria Wolfsberg
37%
Rumunia Cluj
36%
Niemcy Hoffenheim
33%
Austria LASK
33%
Bułgaria Ludogorets
33%
Holandia Alkmaar
25%
Francja Nice
25%
Chorwacja Rijeka
24%
Belgia Antwerp
18%
Turcja Sivasspor
17%
Ukraina Zorya
14%
Czechy Liberec
10%
Nie znaleziono quizów pasujących do podanych kryteriów
Rozkład punktacji
Procent ludzi z każdym wynikiem
Percentyl według liczby udzielonych odpowiedzi
Twoja historia wyników
Nie rozwiązałeś tego quizu